Представление документа в формате MARC21

Поле Инд. ПП Название Значение
Тип записи m
Библиографический уровень m
001 Контрольный номер c04dc80dffa34b3db3baba30a915167a
005 Дата корректировки 20260505131425.3
008 Кодируемые данные 250304|||||||||ru |||||||||||||||||rus||
020 a ISBN 978-5-907905-23-8
040 a Служба первич. каталог. DE
b Код языка каталог. rus
e Правила каталог. PSBO
084 a Индекс другой классификации/Индекс ББК 67.0
110 2_ a Организация/ юрисдикция Мурманский арктический университет
203 a Вид содержания Текст
c Тип средства электронный
245 10 a Заглавие Теоретические и практические проблемы современного правопонимания - 2024
c Ответственность Министерство науки и высшего образования Российской Федерации, Федеральное государственное автономное образовательное учреждение высшего образования "Мурманский арктический университет" ; редколлегия: А. Ю. Фофанова, С. С. Козлов, Л. Н. Лобченко
b Продолж. заглавия учебное электронное издание
b Продолж. заглавия материалы V Всероссийской научно-практической конференции, Мурманск, 27–29 ноября 2024 г.
h Физич. носитель Электронный ресурс
256 a Характеристики компьютерного файла Электрон. текстовые дан. (1 файл : 1482 Кб)
260 a Место издания Мурманск
b Издательство Изд-во МАУ
c Дата издания 2025
500 a Примечание URL: https://elib.mauniver.ru/2025/Sb_25_01.pdf
500 a Примечание Доступ из локальной сети Мурманского арктического университета. - Загл. с титул. экрана
500 a Примечание Имеется аналог CD-ROM 2025 г.
500 a Примечание Библиогр. в конце ст.
520 0_ a Аннотация В сборнике опубликованы доклады участников Всероссийской научно-практической конференции "Теоретические и практические проблемы современного правопонимания−2024", которая состоялась 27−29 ноября 2024 г. в Мурманском арктическом университете. Издание предназначено для научных, научно-педагогических работников, докторантов, аспирантов, специалистов, ведущих научные исследования по направлениям работы конференции
583 x Служебное примечание Полнотекстовые документы
x Служебное примечание Труды преподавателей МАУ
x Служебное примечание Без печатного варианта
653 0_ a Ключевые слова Труды преподавателей МАУ
a Ключевые слова Арктическая зона России; Арктическая экспедиция; Защита прав человека; Конституционное право; Конференции Всероссийские; МАУ, Материалы конференций; Молодежный экстремизм; Молодежный терроризм; Мурманский арктический университет; Право; Правовое регулирование; Правопонимание; Противодействие терроризму; Противодействие экстремизму; Сборники научных статей; Терроризм; Публичное право; Частное право; Экономическая безопасность; Экстремизм; Юриспруденция; Электронные версии
700 12 a Другие авторы Фофанова А. Ю.
e Роль лиц отв. редактор
856 40 u URL https://elib.mauniver.ru/2025/Sb_25_01.pdf
901 t Тип документа m